[Event "EU-ch U12"]
[Site "Prague"]
[Date "2024.08.31"]
[Round "9"]
[White "Brzezina, Pawel"]
[Black "Marynychenko, Yehor"]
[Result "1-0"]
[WhiteElo "2121"]
[BlackElo "2015"]
[PlyCount "103"]
[EventDate "2024.08.22"]
[EventType "swiss"]
[EventRounds "9"]
[EventCountry "CZE"]
[SourceTitle "CB36_2024"]
[SourceDate "2024.09.04"]
[SourceVersion "1"]
[SourceVersionDate "2024.09.04"]
[SourceQuality "1"]

1. d4 Nf6 2. c4 g6 3. g3 Bg7 4. Bg2 0-0 5. Nc3 d6 6. Nf3 Nbd7 7. 0-0 c6 8. e4 e5 9. Be3 Qe7 10. Re1 h6 11. h3 Rd8 12. Qc2 a5 13. Rad1 exd4 14. Bxd4 Ne8 15. Bxg7 Kxg7 16. Qd2 Ne5 17. Nxe5 Qxe5 18. b3 Be6 19. f4 Qf6 20. Rf1 d5 21. cxd5 cxd5 22. e5 Qe7 23. Ne2 Bf5 24. Qe3 h5 25. Nd4 Nd6 26. Qe2 Ne4 27. Nxf5+ gxf5 28. Bxe4 dxe4 29. Qxh5 Rxd1 30. Rxd1 Qc5+ 31. Kh1 Qf2 32. e6 Qf3+ 33. Qxf3 exf3 34. exf7 Kxf7 35. Kg1 Rc8 36. Rd2 Rc3 37. Kf2 Ke6 38. g4 fxg4 39. hxg4 b5 40. Kg3 a4 41. bxa4 bxa4 42. Rf2 Ra3 43. f5+ Kf6 44. Kf4 Kf7 45. g5 Kg7 46. Ke4 Kf7 47. Rc2 Ke7 48. f6+ Kd6 49. g6 Ke6 50. f7 Ke7 51. Rc7+ Kf8 52. Rc8+ 1-0

[Event "EU-ch U12"]
[Site "Prague"]
[Date "2024.08.29"]
[Round "7"]
[White "Brzezina, Pawel"]
[Black "Kiryttopoulos, Ioannis"]
[Result "1-0"]
[WhiteElo "2121"]
[BlackElo "1922"]
[PlyCount "125"]
[EventDate "2024.08.22"]
[EventType "swiss"]
[EventRounds "9"]
[EventCountry "CZE"]
[SourceTitle "CB36_2024"]
[SourceDate "2024.09.04"]
[SourceVersion "1"]
[SourceVersionDate "2024.09.04"]
[SourceQuality "1"]

1. d4 d5 2. c4 e6 3. Nf3 Nf6 4. Nc3 Be7 5. Bf4 c6 6. e3 0-0 7. Be2 b6 8. 0-0 Bb7 9. cxd5 exd5 10. Rc1 c5 11. Ne5 Nc6 12. Bf3 Nxe5 13. Bxe5 c4 14. b3 Rc8 15. bxc4 Rxc4 16. Be2 Rc8 17. Bxf6 Bxf6 18. Qb3 Qd7 19. h3 Be7 20. Bg4 f5 21. Bf3 Rcd8 22. Nb5 Ba6 23. a4 Bxb5 24. axb5 Kh8 25. Rc6 f4 26. Rfc1 fxe3 27. Qxe3 Bd6 28. Ra1 Qf7 29. Bg4 Rde8 30. Qf3 Qe7 31. Qd1 Qf6 32. Qd2 Re4 33. Rd1 Rfe8 34. g3 g6 35. Qc3 Rf8 36. Qf3 Qxf3 37. Bxf3 Rxf3 38. Rxd6 Re2 39. Rf1 Rf5 40. g4 Rf4 41. Rxd5 Rd2 42. Rd8+ Kg7 43. Rd7+ Rf7 44. Rxf7+ Kxf7 45. Ra1 Rxd4 46. Rxa7+ Ke6 47. Rb7 Rd6 48. Rxh7 Rd5 49. Rc7 Rxb5 50. Rc6+ Kf7 51. Kg2 Rb3 52. h4 b5 53. Rb6 b4 54. f3 Rb1 55. Kg3 b3 56. Kf4 Rb2 57. Kg5 Rb1 58. Rb7+ Ke6 59. Kxg6 b2 60. h5 Rf1 61. Rxb2 Rxf3 62. g5 Ke7 63. h6 1-0

[Event "POL-ch Blitz U18"]
[Site "Bydgoszcz"]
[Date "2023.08.31"]
[Round "7"]
[White "Brzezina, Pawel"]
[Black "Cieslik, Bartosz"]
[Result "1-0"]
[WhiteElo "1522"]
[BlackElo "1247"]
[PlyCount "81"]
[EventDate "2023.08.28"]
[EventType "swiss"]
[EventRounds "10"]
[EventCountry "POL"]
[SourceTitle "EXT 2024"]
[Source "ChessBase"]
[SourceDate "2023.10.10"]
[SourceVersion "1"]
[SourceVersionDate "2023.10.10"]
[SourceQuality "1"]

1. d4 d5 2. c4 e6 3. Nf3 Nf6 4. g3 Be7 5. Bg2 0-0 6. 0-0 Nbd7 7. Nbd2 c5 8. cxd5 Nxd5 9. e4 N5b6 10. Nb3 cxd4 11. Nfxd4 e5 12. Nf5 Bf6 13. Bd2 Nb8 14. Bc3 Bxf5 15. exf5 Nc6 16. Na5 Nxa5 17. Bxa5 Rb8 18. Qxd8 Rfxd8 19. Rfd1 Rxd1+ 20. Rxd1 Nc4 21. Bc3 b6 22. b3 Na5 23. h3 g6 24. fxg6 hxg6 25. Rd7 Rc8 26. Bxa5 bxa5 27. Rxa7 Rc1+ 28. Kh2 Rc5 29. Bf3 Kg7 30. Kg2 Bd8 31. Be2 Rc2 32. Bc4 Bb6 33. Rxf7+ Kh6 34. a4 Bc5 35. g4 e4 36. Kg3 Bd6+ 37. Kg2 Bc5 38. h4 e3 39. g5+ Kh5 40. Kh3 Rxf2 41. Rh7# 1-0

[Event "POL-ch Blitz U18"]
[Site "Bydgoszcz"]
[Date "2023.08.31"]
[Round "8"]
[White "Kopacki, Aleksander"]
[Black "Brzezina, Pawel"]
[Result "1/2-1/2"]
[WhiteElo "1462"]
[BlackElo "1522"]
[PlyCount "60"]
[EventDate "2023.08.28"]
[EventType "swiss"]
[EventRounds "10"]
[EventCountry "POL"]
[SourceTitle "EXT 2024"]
[Source "ChessBase"]
[SourceDate "2023.10.10"]
[SourceVersion "1"]
[SourceVersionDate "2023.10.10"]
[SourceQuality "1"]

1. e4 c5 2. Nf3 e6 3. d4 cxd4 4. Nxd4 Nc6 5. Nc3 Qc7 6. Qd3 a6 7. Nxc6 bxc6 8. Qg3 Qxg3 9. hxg3 Bb4 10. Bd2 d5 11. Na4 Bxd2+ 12. Kxd2 Rb8 13. exd5 cxd5 14. b3 Nf6 15. f3 Ke7 16. Nc5 Rb6 17. Bd3 h6 18. Rae1 Nd7 19. Nxd7 Bxd7 20. c4 dxc4 21. Bxc4 Rd8 22. Ke3 Bb5 23. Bxb5 Rxb5 24. Rc1 Rbd5 25. Rc7+ Kf6 26. Rc6 Rd2 27. Rxa6 R8d3+ 28. Ke4 Rd4+ 29. Ke3 R4d3+ 30. Ke4 Rd4+ 1/2-1/2

[Event "POL-ch Rapid U18"]
[Site "Bydgoszcz"]
[Date "2023.08.30"]
[Round "10"]
[White "Brzezina, Pawel"]
[Black "Ejsymont, Eryk"]
[Result "1/2-1/2"]
[WhiteElo "1492"]
[BlackElo "1618"]
[PlyCount "126"]
[EventDate "2023.08.28"]
[EventType "swiss"]
[EventRounds "11"]
[EventCountry "POL"]
[SourceTitle "EXT 2024"]
[Source "ChessBase"]
[SourceDate "2023.10.10"]
[SourceVersion "1"]
[SourceVersionDate "2023.10.10"]
[SourceQuality "1"]

1. d4 Nf6 2. c4 e6 3. g3 Bb4+ 4. Bd2 Bxd2+ 5. Nxd2 0-0 6. Bg2 d5 7. Ngf3 b6 8. cxd5 exd5 9. 0-0 Bb7 10. e3 c5 11. dxc5 bxc5 12. Rc1 Na6 13. Nb3 Rc8 14. Re1 Ne4 15. Nfd2 Qe7 16. a3 Rfd8 17. Qe2 h6 18. Red1 Nxd2 19. Rxd2 c4 20. Nd4 Nc5 21. h3 Nd3 22. Rcc2 Bc6 23. b3 Ne5 24. Nxc6 Rxc6 25. Bxd5 c3 26. Rd4 Rc5 27. Bc4 Nxc4 28. Rxd8+ Qxd8 29. bxc4 Qa5 30. Qd3 Qxa3 31. Qxc3 Qxc3 32. Rxc3 a5 33. Ra3 Kf8 34. Ra4 Ke7 35. Kf1 Rc6 36. Rxa5 Rxc4 37. Ra6 f6 38. Ra7+ Kf8 39. Ke2 Kg8 40. Kf3 Kh7 41. g4 h5 42. Kg3 hxg4 43. hxg4 Kg6 44. Ra5 Kh6 45. Rf5 Kg6 46. Rf4 Rc5 47. Kf3 Kf7 48. Ra4 g5 49. Ke4 Re5+ 50. Kf3 Kg6 51. Re4 Rb5 52. Kg3 Rb6 53. f4 gxf4+ 54. exf4 f5 55. Re5 fxg4 56. Kxg4 Kf6 57. Rf5+ Kg6 58. Rg5+ Kf6 59. Rh5 Kg6 60. f5+ Kg7 61. Kg5 Rb1 62. f6+ Kf7 63. Rh7+ Kg8 1/2-1/2

[Event "POL-ch Rapid U18"]
[Site "Bydgoszcz"]
[Date "2023.08.30"]
[Round "8"]
[White "Brzezina, Pawel"]
[Black "Sniedziewski, Emil"]
[Result "1-0"]
[WhiteElo "1492"]
[BlackElo "1511"]
[PlyCount "121"]
[EventDate "2023.08.28"]
[EventType "swiss"]
[EventRounds "11"]
[EventCountry "POL"]
[SourceTitle "EXT 2024"]
[Source "ChessBase"]
[SourceDate "2023.10.10"]
[SourceVersion "1"]
[SourceVersionDate "2023.10.10"]
[SourceQuality "1"]

1. d4 Nf6 2. c4 e6 3. g3 c5 4. d5 d6 5. Nc3 Be7 6. e4 0-0 7. Bg2 Bd7 8. a4 Qc7 9. Nge2 Na6 10. 0-0 Nb4 11. Na2 a5 12. b3 Be8 13. Nxb4 cxb4 14. Nd4 e5 15. Nf5 Bd8 16. f4 Nd7 17. Kh1 Bf6 18. Bb2 g6 19. Nh6+ Kh8 20. Ng4 Bg7 21. fxe5 Nxe5 22. Nxe5 dxe5 23. Bh3 Rd8 24. Qc2 b6 25. Rad1 Bd7 26. Bxd7 Rxd7 27. Rf2 Rc8 28. Qe2 Kg8 29. Rdf1 Rf8 30. Bc1 Rd6 31. Be3 Rd7 32. Qd2 Rc8 33. Qe2 Rf8 34. Qg4 Qd6 35. Kg2 Rc7 36. h4 h5 37. Qe2 Qd7 38. Bxb6 Rb7 39. Be3 f5 40. exf5 gxf5 41. Qxh5 f4 42. gxf4 exf4 43. Rxf4 Rxf4 44. Rxf4 Qe7 45. Bf2 Rd7 46. Qf5 Rd6 47. Bc5 Qe2+ 48. Rf2 Qe7 49. Bxd6 Qxd6 50. Qe6+ Qxe6 51. dxe6 Bf8 52. Rf5 Kg7 53. Rxa5 Kf6 54. Ra6 Be7 55. h5 Kg5 56. Ra7 Bf6 57. e7 Bxe7 58. Rxe7 Kxh5 59. a5 Kh4 60. a6 Kg4 61. a7 1-0

[Event "POL-ch Rapid U18"]
[Site "Bydgoszcz"]
[Date "2023.08.29"]
[Round "4"]
[White "Brzezina, Pawel"]
[Black "Feseniuk, Pavlo"]
[Result "1-0"]
[WhiteElo "1492"]
[BlackElo "1184"]
[PlyCount "43"]
[EventDate "2023.08.28"]
[EventType "swiss"]
[EventRounds "11"]
[EventCountry "POL"]
[SourceTitle "EXT 2024"]
[Source "ChessBase"]
[SourceDate "2023.10.10"]
[SourceVersion "1"]
[SourceVersionDate "2023.10.10"]
[SourceQuality "1"]

1. d4 Nf6 2. c4 g6 3. Nc3 Bg7 4. e4 d6 5. Nge2 0-0 6. Ng3 Nbd7 7. Be2 e5 8. d5 a5 9. h4 h5 10. Bg5 Nc5 11. Bxh5 gxh5 12. Nxh5 Bd7 13. Qf3 Bg4 14. Nxf6+ Bxf6 15. Qxg4 Bxg5 16. hxg5 Nd3+ 17. Kd2 Kg7 18. Kxd3 Rh8 19. Qf5 Qe7 20. Qf6+ Qxf6 21. gxf6+ Kxf6 22. Nb5 1-0

[Event "POL-ch Rapid U18"]
[Site "Bydgoszcz"]
[Date "2023.08.29"]
[Round "2"]
[White "Brzezina, Pawel"]
[Black "Kupczyk, Jan"]
[Result "1-0"]
[WhiteElo "1492"]
[BlackElo "1138"]
[PlyCount "107"]
[EventDate "2023.08.28"]
[EventType "swiss"]
[EventRounds "11"]
[EventCountry "POL"]
[SourceTitle "EXT 2024"]
[Source "ChessBase"]
[SourceDate "2023.10.10"]
[SourceVersion "1"]
[SourceVersionDate "2023.10.10"]
[SourceQuality "1"]

1. e4 e5 2. Nf3 Nf6 3. Nxe5 d6 4. Nf3 Nxe4 5. Nc3 d5 6. d4 Bb4 7. Bd2 Nxd2 8. Qxd2 Nc6 9. Be2 Be6 10. 0-0 0-0 11. a3 Bxc3 12. Qxc3 Re8 13. Bb5 Qd6 14. Ne5 Bd7 15. Nxd7 Qxd7 16. Bxc6 Qxc6 17. Qxc6 bxc6 18. Rfe1 f6 19. f3 Rxe1+ 20. Rxe1 Kf7 21. Re3 Re8 22. Rc3 Re6 23. Kf2 h5 24. Rb3 Re7 25. Rb7 Ke6 26. Rxa7 Kd6 27. Ra5 g5 28. Rc5 f5 29. a4 Re8 30. a5 Ra8 31. b3 Ra6 32. c4 f4 33. g3 Ra8 34. Kg2 fxg3 35. Kxg3 Rf8 36. a6 Ra8 37. Ra5 Kd7 38. a7 Kd6 39. h4 gxh4+ 40. Kxh4 dxc4 41. bxc4 Kd7 42. Kxh5 Kc8 43. f4 Kb7 44. f5 Rxa7 45. Rxa7+ Kxa7 46. f6 Kb6 47. f7 Ka5 48. f8Q Kb6 49. Qb4+ Ka7 50. Kg6 Ka8 51. Kf7 Ka7 52. Ke7 Ka6 53. Kd7 Ka7 54. Kxc7 1-0

[Event "POL-ch U10"]
[Site "Sielpia"]
[Date "2023.03.07"]
[Round "5"]
[White "Brzezina, Pawel"]
[Black "Kopacki, Aleksander"]
[Result "1/2-1/2"]
[WhiteElo "1560"]
[BlackElo "1408"]
[PlyCount "48"]
[EventDate "2023.03.04"]
[EventType "swiss"]
[EventRounds "9"]
[EventCountry "POL"]
[SourceTitle "EXT 2024"]
[Source "ChessBase"]
[SourceDate "2023.10.10"]
[SourceVersion "1"]
[SourceVersionDate "2023.10.10"]
[SourceQuality "1"]
[WhiteTeam "Poland"]
[BlackTeam "Poland"]
[WhiteTeamCountry "POL"]
[BlackTeamCountry "POL"]

1. d4 d5 2. c4 dxc4 3. Nf3 Nf6 4. e3 b5 5. a4 b4 6. Bxc4 e6 7. 0-0 Be7 8. Nbd2 Bb7 9. Qc2 0-0 10. b3 Nbd7 11. Bb2 c5 12. Rac1 Rc8 13. Qd3 Qa5 14. Rfe1 Rfd8 15. Qe2 h6 16. h3 Kf8 17. Red1 Kg8 18. Re1 Kf8 19. Red1 Kg8 20. Re1 Kf8 21. Red1 Kg8 22. Re1 Kf8 23. Red1 Kg8 24. Re1 Kf8 1/2-1/2

[Event "POL-ch U10"]
[Site "Jastrzebia Gora"]
[Date "2022.03.14"]
[Round "7"]
[White "Gibala, Adam"]
[Black "Brzezina, Pawel"]
[Result "1-0"]
[WhiteElo "1507"]
[BlackElo "1177"]
[PlyCount "89"]
[EventDate "2022.03.08"]
[EventType "swiss"]
[EventRounds "9"]
[EventCountry "POL"]
[SourceTitle "EXT 2023"]
[Source "ChessBase"]
[SourceDate "2022.10.05"]
[SourceVersion "1"]
[SourceVersionDate "2022.10.05"]
[SourceQuality "1"]

1. e4 c5 2. Nf3 d6 3. d4 cxd4 4. Nxd4 Nf6 5. Nc3 a6 6. Bg5 e6 7. f4 Qb6 8. Bxf6 gxf6 9. Qd2 Bd7 10. 0-0-0 Nc6 11. Nb3 0-0-0 12. Be2 h5 13. Kb1 Be7 14. Rhe1 Kb8 15. Bf3 Na5 16. Nxa5 Qxa5 17. Qf2 Bc6 18. Rd3 Qc5 19. Qd2 b5 20. Nd5 Bxd5 21. exd5 e5 22. Qa5 Kb7 23. a4 Rc8 24. Qd2 bxa4 25. Ra3 Bf8 26. Rxa4 Bh6 27. Qd3 a5 28. f5 Kb6 29. Be2 Ra8 30. Rc4 Rhc8 31. Qb3+ Ka7 32. Rxc5 Rxc5 33. Bb5 Rb8 34. c4 Rg8 35. g3 Bd2 36. Re4 Rg5 37. Qd3 Bb4 38. Re3 Rg4 39. Re4 Rg5 40. Rh4 Rc8 41. Qf3 Rh8 42. Bc6 Ka6 43. Qe2 Ka7 44. g4 Rxg4 45. Qxg4 1-0

[Event "POL-ch U10"]
[Site "Jastrzebia Gora"]
[Date "2022.03.09"]
[Round "2"]
[White "Radzimski, Antoni"]
[Black "Brzezina, Pawel"]
[Result "0-1"]
[WhiteElo "1695"]
[BlackElo "1177"]
[PlyCount "56"]
[EventDate "2022.03.08"]
[EventType "swiss"]
[EventRounds "9"]
[EventCountry "POL"]
[SourceTitle "EXT 2023"]
[Source "ChessBase"]
[SourceDate "2022.10.05"]
[SourceVersion "1"]
[SourceVersionDate "2022.10.05"]
[SourceQuality "1"]

1. e4 c5 2. Nf3 e6 3. d4 cxd4 4. Nxd4 Nc6 5. Nc3 Qc7 6. g3 a6 7. Bg2 Nf6 8. 0-0 Nxd4 9. Qxd4 Bc5 10. Bf4 d6 11. Qd2 h6 12. Rad1 e5 13. Be3 Bb4 14. Nb5 axb5 15. Qxb4 Rxa2 16. Rxd6 0-0 17. Bc5 Ra4 18. Qxb5 Ra5 19. Bb6 Rxb5 20. Bxc7 Ne8 21. Bb8 Nxd6 22. Bxd6 Re8 23. Ba3 Rd8 24. Rc1 Be6 25. Bf1 Rb6 26. Bd3 Rc6 27. Bb5 Rc7 28. b3 Bxb3 0-1

[Event "EU-ch Hybrid U08"]
[Site "Tornelo INT"]
[Date "2021.10.15"]
[Round "5"]
[White "Pasula, Milos"]
[Black "Brzezina, Pawel"]
[Result "0-1"]
[WhiteElo "1424"]
[BlackElo "1168"]
[PlyCount "164"]
[EventDate "2021.10.15"]
[EventType "swiss"]
[EventRounds "9"]
[EventCountry "NET"]
[SourceTitle "EXT 2023"]
[Source "ChessBase"]
[SourceDate "2022.10.05"]
[SourceVersion "1"]
[SourceVersionDate "2022.10.05"]
[SourceQuality "1"]
[WhiteTeam "Serbia"]
[BlackTeam "Poland"]
[WhiteTeamCountry "SRB"]
[BlackTeamCountry "POL"]

1. d4 Nf6 2. c4 e6 3. Nc3 Bb4 4. Nf3 0-0 5. Bg5 h6 6. Bh4 b6 7. e3 Bb7 8. Be2 d6 9. a3 Bxc3+ 10. bxc3 Nbd7 11. 0-0 Qe7 12. Qc2 Rfd8 13. e4 g5 14. Nxg5 hxg5 15. Bxg5 Re8 16. Bd3 Qf8 17. f4 Nh7 18. Bh4 f6 19. Rf3 Re7 20. Rg3+ Rg7 21. Rxg7+ Qxg7 22. Re1 Kh8 23. h3 Qh6 24. Qf2 Nhf8 25. f5 e5 26. Re3 Nh7 27. Qe1 Rg8 28. Rg3 Rxg3 29. Bxg3 Ng5 30. h4 Nf7 31. Bf2 Qg7 32. Qe2 Kg8 33. Kh2 Nh6 34. Kh3 Qh7 35. Qh5 Nf7 36. Qd1 Qg7 37. Be3 Kf8 38. d5 Nc5 39. Bxc5 dxc5 40. g3 Nd6 41. Qg4 Qh6 42. Qg6 Qxg6 43. fxg6 Kg7 44. h5 Kh6 45. Kg4 a5 46. Kh4 Bc8 47. g4 Bd7 48. Kg3 Ba4 49. g5+ fxg5 50. Kg4 Bd1+ 51. Kg3 Bxh5 52. g7 Kxg7 53. Kh3 Bd1 54. Kg3 Kg6 55. Kf2 Kh5 56. Ke1 Bf3 57. Kf2 Bxe4 58. Bxe4 Nxe4+ 59. Ke3 Nxc3 60. Kd3 g4 61. Kxc3 g3 62. Kb3 g2 63. Ka4 g1Q 64. Kb5 Qg6 65. Ka6 b5+ 66. Kxb5 Qb6+ 67. Ka4 Kg4 68. d6 Qxd6 69. Kxa5 Qd4 70. Kb5 c6+ 71. Kxc6 Qxc4 72. Kd6 Qa4 73. Kxe5 Qxa3 74. Kd5 Qc3 75. Kc6 c4 76. Kc5 Qd3 77. Kb4 c3 78. Kb3 c2+ 79. Kb2 Qd2 80. Kb3 c1Q 81. Ka4 Qdb2 82. Ka5 Qca1# 0-1

[Event "EU-ch Hybrid U08"]
[Site "Tornelo INT"]
[Date "2021.10.15"]
[Round "9"]
[White "Roche Fraile, Carlos"]
[Black "Brzezina, Pawel"]
[Result "1-0"]
[WhiteElo "1335"]
[BlackElo "1168"]
[PlyCount "153"]
[EventDate "2021.10.15"]
[EventType "swiss"]
[EventRounds "9"]
[EventCountry "NET"]
[SourceTitle "EXT 2023"]
[Source "ChessBase"]
[SourceDate "2022.10.05"]
[SourceVersion "1"]
[SourceVersionDate "2022.10.05"]
[SourceQuality "1"]
[WhiteTeam "Spain"]
[BlackTeam "Poland"]
[WhiteTeamCountry "ESP"]
[BlackTeamCountry "POL"]

1. e4 c5 2. Nf3 d6 3. d4 cxd4 4. Nxd4 Nf6 5. Nc3 Nc6 6. Bb5 Bd7 7. Nxc6 Bxc6 8. Bxc6+ bxc6 9. Qf3 e5 10. 0-0 Be7 11. Rd1 0-0 12. Qd3 Rb8 13. b3 Qc7 14. Be3 Rfd8 15. Qc4 Qb7 16. Bd2 d5 17. Qe2 d4 18. Na4 c5 19. f3 Qb5 20. Qxb5 Rxb5 21. Nb2 Bd6 22. a4 Rbb8 23. Nc4 h6 24. Ba5 Rd7 25. Nxd6 Rxd6 26. Bc7 Rdd8 27. Bxd8 Rxd8 28. c3 Nh5 29. cxd4 cxd4 30. g3 Nf6 31. Rac1 Rb8 32. Rd3 Kh7 33. Rc7 a6 34. Rxf7 Rc8 35. Ra7 Rc1+ 36. Kg2 Rc2+ 37. Kh3 h5 38. Rxa6 Kg8 39. Re6 Nd7 40. b4 Kf7 41. Rd6 Nf6 42. b5 g5 43. g4 hxg4+ 44. fxg4 Nxe4 45. Rc6 Rxc6 46. bxc6 Ke7 47. Kg2 Nc5 48. Ra3 Kd6 49. Kf2 Kxc6 50. Ke2 e4 51. a5 Kb5 52. Kd2 Ka6 53. h3 Kb5 54. h4 e3+ 55. Ke2 gxh4 56. g5 h3 57. g6 h2 58. Ra1 Ne6 59. a6 h1Q 60. Rxh1 Kxa6 61. Rh4 Kb6 62. Rg4 Ng7 63. Kd3 Kc5 64. Rxd4 e2 65. Re4 Kd5 66. Rxe2 Kd6 67. Kd2 Kd7 68. Ke1 Ne6 69. Rg2 Ng7 70. Rf2 Ke6 71. Kf1 Ne8 72. Kg2 Ng7 73. Kh3 Ne8 74. Kh4 Nf6 75. g7 Kf7 76. Rxf6+ Kxf6 77. g8Q 1-0